Région Midi Pyrénées sur une carte - Statistiques

Statistiques générales
  • Ce quiz a été pris 27 fois
  • Le résultat moyen est 48 sur 64
Réponses sur la Carte
Les réponses sont colorées sur une échelle allant du rouge au vert en fonction du pourcentage des utilisateurs qui les ont devinées à leur premier essai. Vous pouvez retrouver ces pourcentages ci-dessous.
 
Statistiques - réponses
Réponse % Correct
albi
100%
ariège
100%
ariège
100%
auch
100%
aveyron
100%
aveyron
100%
foix
100%
gers
100%
gers
100%
haute garonne
100%
hautes pyrénées
100%
lot
100%
lot
100%
pyrénées
100%
tarbes
100%
tarn
100%
tarn
100%
tarn et garonne
100%
toulouse
100%
cahors
92%
castres
92%
garonne
92%
montauban
92%
muret
92%
rodez
92%
saint gaudens
92%
lourdes
83%
millau
83%
pamiers
83%
aubrac
75%
bagnères de bigorre
75%
canal du midi
75%
dordogne
75%
gaillac
75%
lauragais
75%
montagne noire
75%
quercy
75%
saint affrique
75%
villefranche de rouergue
75%
adour
67%
castelsarrasin
67%
comminges
67%
condom
67%
figeac
67%
mirande
67%
agout
58%
gourdon
58%
larzac
58%
monts de lacaune
58%
baïse
50%
bigorre
50%
caussade
50%
lévézou
50%
lomagne
50%
revel
50%
ségala
50%
graulhet
42%
souillac
42%
volvestre
42%
astarac
33%
caylus
33%
dadou
33%
thoré
33%
savès
17%
Aucun quiz correspondant
Distribution des résultats
% des personnes avec chaque résultat
Percentile par nombre de réponses
Votre historique - résultats
Vous n’avez pas pris ce quiz